TV Show Side Characters Quiz Stats

 Plays Quiz Updated Jul 14, 2015

Challenge
Share
Tweet
Score 0/20 Timer 08:00
2 Plays Today
% Correct
The Simpsons
98.9%
South Park
96%
Friends
88.5%
Scrubs
86.6%
The Big Bang Theory
85.4%
Game of Thrones
85.3%
SpongeBob SquarePants
83.6%
Family Guy
81%
The Walking Dead
75.4%
Futurama
75.3%
% Correct
How I Met Your Mother
55.1%
Breaking Bad
51.7%
The Office
50.4%
Arrested Development
48.9%
Community
43%
Two and a Half Men
42.3%
Heroes
40.2%
30 Rock
39%
Sherlock
26.3%
Psych
21%

You're not logged in!

Compare scores with friends on all Sporcle quizzes.
Join for Free
OR
Log In

You Might Also Like...

Show Comments

Extras

Top Quizzes Today


Score Distribution

Your Account Isn't Verified!

In order to create a playlist on Sporcle, you need to verify the email address you used during registration. Go to your Sporcle Settings to finish the process.

Report this User

Report this user for behavior that violates our Community Guidelines.

Details: